| 000 | 00682cam a2200217 a 4500 | ||
|---|---|---|---|
| 001 | 12489440 | ||
| 005 | 20250326182604.0 | ||
| 008 | 010731s2001 miu bd 000 0 eng | ||
| 020 | _a0801020751 (U.S.) | ||
| 020 | _z1842270828 (U.K.) | ||
| 050 | 0 | 0 |
_aBR95 _b.E87 2001 |
| 082 | 0 | 0 |
_a230/.04624/03 _221 |
| 245 | 0 | 0 |
_aEvangelical dictionary of theology / _cedited by Walter A. Elwell. |
| 250 | _a2nd ed. | ||
| 260 |
_aGrand Rapids, Mich. : _bBaker Academic ; _aCarlisle, Cumbria, U.K. : _bPaternoster Press, _cc2001. |
||
| 300 |
_a1312 p. ; _c27 cm. |
||
| 440 | 0 | _aBaker reference library | |
| 650 | 0 |
_aTheology _vDictionaries. |
|
| 700 | 1 | _aElwell, Walter A. | |
| 942 |
_2lcc _cBK _n0 |
||
| 999 |
_c5228 _d5228 |
||